000 00551nam a22001937a 4500
005 20251108164212.0
008 250721s1996 xx 000 0 ara d
082 1 4 _a071.962/شري
100 1 _aاللبان، شريف درويش
245 1 0 _aالألوان في الصحافة المصرية /
264 1 _aالقاهرة :
_bالعربي للنشر و التوزيع،
_c1996.
300 _a260ص
650 1 7 _aالصحف
650 1 7 _aمصر
650 1 7 _aالطباعة
650 1 7 _aالألوان
942 _2ddc
_cBK
999 _c6242
_d6242